[Event "LJEM M-V 2023 u18"]
[Site "Mirow"]
[Date "2023.02.05"]
[Round "2.3"]
[White "Khanbekyan, Areg"]
[Black "Kruse, Johannes"]
[Result "0-1"]
[WhiteElo "1579"]
[BlackElo "1569"]
[Time "08:30:00"]
[WhiteTeam "Greifswalder SV"]
[BlackTeam "ESV Waren"]

1.e4 c5 2.Nf3 Nc6 3.d4 cxd4 4.Nxd4 Nf6 5.Nc3 a6 6.Be3 e6 7.Bd3 Be7 8.O-O 
O-O 9.f4 d6 10.Qf3 Qc7 11.g4 Nxd4 12.Bxd4 e5 13.g5 exd4 14.gxf6 dxc3 15.
fxe7 Qxe7 16.bxc3 Bd7 17.Qg3 Qf6 18.f5 Rac8 19.c4 Qd4+ 20.Kh1 Bc6 21.Rae1 
f6 22.Rf4 Qe5 23.Rg4 Qxg3 24.hxg3 Rfe8 25.Kg1 Re5 26.Kf2 Rce8 27.Re2 Kf7 
28.Rh4 h6 29.Rf4 Ra5 30.c3 Ra3 31.Rc2 Re7 32.Ke3 Ba4 33.Rd2 Rxc3 34.Kd4 
Ra3 35.Rf3 Bc6 36.c5 dxc5+ 37.Kxc5 Ra5+ 38.Kd4 Rd7+ 39.Ke3 Ra3 40.Ke2 Ke7 
41.Re3 Ra5 42.Rc2 Ra3 43.g4 Raxd3 44.Rxd3 Bb5 45.Rc3 Bxd3+ 46.Rxd3 Rxd3 
47.Kxd3 Kd6 48.Kd4 b5 49.a3 a5 50.Kd3 Ke5 51.Ke3 0-1

[Event "LJEM M-V 2023 u18"]
[Site "Mirow"]
[Date "2023.02.05"]
[Round "2.5"]
[White "Avetyan, Manan"]
[Black "Scharf, Christian"]
[Result "1/2-1/2"]
[WhiteElo "1342"]
[BlackElo "1336"]
[Time "08:30:00"]
[WhiteTeam "ASV Grün-Weiß Wismar"]
[BlackTeam "SG Güstrow/Teterow"]

1.Nf3 c5 2.g3 Nf6 3.Bg2 Nc6 4.d3 d5 5.O-O Bg4 6.Nbd2 e5 7.e4 dxe4 8.dxe4 
Be7 9.c3 O-O 10.Qc2 h6 11.h3 Be6 12.Re1 Qc8 13.Kh2 b5 14.Rh1 c4 15.Kg1 Nd7
16.Nf1 a5 17.N1h2 Nc5 18.g4 Rd8 19.Qe2 Ra7 20.Be3 Rad7 21.Bxc5 Bxc5 22.h4 
b4 23.Kf1 Rd3 24.Rc1 bxc3 25.bxc3 Qb8 26.Bh3 Ba3 27.Rc2 Na7 28.Kg2 Bd7 29.
Nd2 Ba4 30.Nxc4 Bxc2 31.Qxc2 Bc5 32.Rb1 Qc7 33.Nf3 f6 34.g5 Be7 35.Be6+ 
Kf8 36.Qb3 Qc6 37.Bd5 R8xd5 38.exd5 Qxd5 39.Nd2 Rxd2 40.Qb8+ Bd8 41.Qxa7 
Rd3 42.Qb7 fxg5 43.hxg5 e4 44.Qxd5 Rxd5 45.Nd4 Bxg5 46.Rb7 Re5 47.c4 e3 
48.fxe3 Bxe3 49.Nb3 g5 50.Rb5 Rxb5 51.cxb5 a4 52.Na5 Ke8 53.Nc4 Bf4 54.Kf3
Kd8 55.Kg4 Kc7 56.b6+ Kc6 57.Nb2 a3 58.Nc4 Bd6 59.b7 Bb8 60.Nxa3 Kxb7 61.
Nc4 Bf4 62.Nb2 Kc6 63.Nd3 Bd6 64.Nf2 Kd5 65.a4 Ke5 66.Kh5 Bf8 67.a5 Kf5 
68.a6 Bc5 1/2-1/2

[Event "LJEM M-V 2023 u18"]
[Site "Mirow"]
[Date "2023.02.05"]
[Round "2.6"]
[White "Quade, Luca"]
[Black "Köpnick, Amanda"]
[Result "1/2-1/2"]
[WhiteElo "1468"]
[BlackElo "1306"]
[Time "08:30:00"]
[WhiteTeam "TuS Makkabi Rostock"]
[BlackTeam "TuS Makkabi Rostock"]

1.e4 e5 2.Nf3 Nc6 3.Bc4 Bc5 4.b4 Bxb4 5.c3 Bc5 6.d4 exd4 7.cxd4 Bb4+ 8.
Nbd2 d6 9.O-O Bg4 10.Qb3 Bxd2 11.Bxf7+ Kf8 12.Bxg8 Rxg8 13.Bxd2 Bxf3 14.
Qxf3+ Qf6 15.Qxf6+ gxf6 16.Bc3 Kf7 1/2-1/2

[Event "LJEM M-V 2023 u18"]
[Site "Mirow"]
[Date "2023.02.05"]
[Round "2.7"]
[White "Subocz, Gabriel"]
[Black "Hampe, Tobias"]
[Result "1-0"]
[WhiteElo "1240"]
[BlackElo "1194"]
[Time "08:30:00"]
[WhiteTeam "SAV Torgelow-Drögeheide 90"]
[BlackTeam "Lok Gymnas Pritzwalk"]

1.e4 d5 2.exd5 Qxd5 3.Nc3 Qa5 4.d4 c6 5.Bd2 Qc7 6.Nf3 Nf6 7.Bd3 Bg4 8.Be3 
e6 9.O-O Bd6 10.h3 Bh5 11.Be2 Nbd7 12.Nd2 Bg6 13.Bf3 O-O 14.Nce4 Bh2+ 15.
Kh1 Bf4 16.c4 Rad8 17.Qb3 Nxe4 18.Nxe4 Nb6 19.a4 a5 20.Rfe1 Bxe3 21.fxe3 
Rfe8 22.c5 Nd5 23.Nd6 Re7 24.Bxd5 exd5 25.Qc3 b6 26.b4 axb4 27.Qxb4 bxc5 
28.dxc5 Be4 29.a5 Rb8 30.Qc3 Qd7 31.Kg1 Re6 32.Qd2 Rg6 33.Nxe4 Qxh3 34.Nd6
Rb4 35.Reb1 Rxg2+ 36.Qxg2 Qxe3+ 37.Qf2 Rg4+ 38.Kf1 Qh3+ 39.Ke2 1-0

[Event "LJEM M-V 2023 u18"]
[Site "Mirow"]
[Date "2023.02.05"]
[Round "2.8"]
[White "Ryll, Emily Maria"]
[Black "Ahmed Ibrahim, Labed"]
[Result "0-1"]
[WhiteElo "1049"]
[BlackElo "1545"]
[Time "08:30:00"]
[WhiteTeam "SG Eintracht Neubrandenburg"]
[BlackTeam "SV Motor Wolgast 1949"]

1.e4 c5 2.Nf3 Nc6 3.d4 cxd4 4.Nxd4 e6 5.Nc3 Nf6 6.Bd3 Nxd4 7.e5 Nd5 8.Bd2 
b6 9.Nxd5 exd5 10.O-O Bb7 11.Re1 Be7 12.Be3 Ne6 13.Bf5 Qc7 14.Bd4 Bc5 15.
c3 g6 16.Bxe6 dxe6 17.b4 Bxd4 18.Qxd4 O-O-O 19.Rac1 Qc4 20.Qxc4+ dxc4 21.
b5 Rd5 22.a4 Rhd8 23.h3 Rd2 24.f3 Ra2 25.Red1 Rxa4 26.Rxd8+ Kxd8 27.Rd1+ 
Kc7 28.Rd4 Bd5 29.Rf4 Ra3 30.Rxf7+ Kd8 31.Rxh7 Rxc3 32.Rxa7 Rc2 33.Ra3 Rb2
34.Rc3 Rxb5 35.Kf2 Rb3 36.Rc2 b5 37.Ke2 b4 38.Kd1 Kc7 39.Kc1 Rd3 40.Rd2 
Rxd2 41.Kxd2 Kc6 42.Kc2 Kc5 0-1

[Event "LJEM M-V 2023 u18"]
[Site "Mirow"]
[Date "2023.02.05"]
[Round "2.9"]
[White "Fromm, Robert"]
[Black "Steinhauser, Oskar"]
[Result "1-0"]
[WhiteElo "1348"]
[BlackElo "982"]
[Time "08:30:00"]
[WhiteTeam "ASV Grün-Weiß Wismar"]
[BlackTeam "SSC Rostock 07"]

1.f4 d6 2.Nf3 Nf6 3.d4 Bf5 4.e3 Nbd7 5.c3 e6 6.Be2 d5 7.O-O Bd6 8.Ne5 Bxe5
9.fxe5 Ne4 10.Nd2 O-O 11.Bf3 f6 12.exf6 Ndxf6 13.Nxe4 Nxe4 14.Bd2 a6 15.
Be1 b5 16.a3 Qe7 17.Qe2 Rfb8 18.Bh5 g6 19.g4 gxh5 20.gxf5 Qg5+ 21.Kh1 Qf6 
22.Qxh5 Kh8 23.Bh4 Qg7 24.fxe6 Rg8 25.Rg1 Qf8 26.Raf1 Rxg1+ 27.Rxg1 h6 28.
e7 Nf2+ 29.Bxf2 Qxe7 30.Qxh6+ Qh7 31.Qf6+ Qg7 32.Qxg7# 1-0

[Event "LJEM M-V 2023 u18"]
[Site "Mirow"]
[Date "2023.02.05"]
[Round "3.2"]
[White "Kruse, Johannes"]
[Black "Tovmasyan, Minas"]
[Result "0-1"]
[WhiteElo "1569"]
[BlackElo "1788"]
[Time "14:30:00"]
[WhiteTeam "ESV Waren"]
[BlackTeam "TuS Makkabi Rostock"]

1.e4 c5 2.Nf3 e6 3.d4 cxd4 4.Nxd4 a6 5.Nc3 Qc7 6.a3 Nf6 7.Be2 b5 8.O-O Bb7
9.f3 Be7 10.Be3 O-O 11.Qe1 d6 12.Qg3 Rd8 13.Rad1 Nbd7 14.Bd3 Ne5 15.Rd2 
Nc4 16.Bxc4 Qxc4 17.Bh6 Nh5 18.Qg4 g6 19.Be3 Nf6 20.Qg3 Rac8 21.Nb3 Qc7 
22.Rfd1 Nd7 23.Qf2 Re8 24.g3 Ne5 25.Bb6 Qb8 26.Na5 Nc4 27.Nxc4 Rxc4 28.Ba5
d5 29.Bb4 Bxb4 30.axb4 Rxb4 31.exd5 Bxd5 32.Nxd5 exd5 33.b3 d4 34.Rxd4 
Rxd4 35.Qxd4 Qe5 36.Qxe5 Rxe5 37.Kf2 Rc5 38.Rd2 Rc3 39.f4 a5 40.Ke2 Kg7 
41.Kd1 Rc5 42.g4 Kf6 43.Rd4 b4 44.Kd2 Ke6 45.Re4+ Kd6 46.Rd4+ Ke6 47.Re4+ 
Kf6 48.h4 Rd5+ 49.Ke2 Rc5 50.Kd2 h6 51.Rd4 h5 52.g5+ Kf5 53.Rd7 Kxf4 54.
Rxf7+ Kg4 55.Rf6 Kxh4 56.Rxg6 Rxg5 57.Rh6 Kg3 0-1

[Event "LJEM M-V 2023 u18"]
[Site "Mirow"]
[Date "2023.02.05"]
[Round "3.3"]
[White "Scharf, Christian"]
[Black "Subocz, Gabriel"]
[Result "1-0"]
[WhiteElo "1336"]
[BlackElo "1240"]
[Time "14:30:00"]
[WhiteTeam "SG Güstrow/Teterow"]
[BlackTeam "SAV Torgelow-Drögeheide 90"]

1.e4 c5 2.Nc3 Nc6 3.Nge2 d6 4.g3 Nf6 5.Bg2 g6 6.O-O Bg7 7.d3 O-O 8.h3 Rb8 
9.Be3 b5 10.Qd2 a5 11.Bh6 a4 12.Bxg7 Kxg7 13.f4 e5 14.g4 a3 15.bxa3 Qa5 
16.f5 Qxa3 17.g5 Nh5 18.Bf3 Qa5 19.Bxh5 gxh5 20.Ng3 h4 21.Nh5+ Kg8 22.Kh2 
Nd4 23.g6 fxg6 24.Qh6 Rf7 25.fxg6 1-0

[Event "LJEM M-V 2023 u18"]
[Site "Mirow"]
[Date "2023.02.05"]
[Round "3.4"]
[White "Röste, Hugo"]
[Black "Khanbekyan, Areg"]
[Result "1-0"]
[WhiteElo "1613"]
[BlackElo "1579"]
[Time "14:30:00"]
[WhiteTeam "TuS Makkabi Rostock"]
[BlackTeam "Greifswalder SV"]

1.d4 Nf6 2.c4 c5 3.d5 b5 4.cxb5 a6 5.b6 g6 6.Nc3 Bg7 7.e4 d6 8.f4 O-O 9.
Nf3 Nbd7 10.a4 a5 11.Qc2 Nxb6 12.Be2 Bd7 13.O-O Qc7 14.Nb5 Bxb5 15.Bxb5 e6
16.dxe6 fxe6 17.Be3 Ng4 18.Bd2 d5 19.h3 Nf6 20.Ng5 Qe7 21.exd5 Nfxd5 22.
Rae1 Nc7 23.Qb3 Nxb5 24.Qxb5 Qd6 25.Nxe6 Qxd2 26.Nxf8 Nd5 27.Ne6 c4 28.
Nxg7 Ne3 29.Qc6 Rb8 30.Qe6+ 1-0

[Event "LJEM M-V 2023 u18"]
[Site "Mirow"]
[Date "2023.02.05"]
[Round "3.5"]
[White "Wellßow, Keoki"]
[Black "Quade, Luca"]
[Result "1-0"]
[WhiteElo "1541"]
[BlackElo "1468"]
[Time "14:30:00"]
[WhiteTeam "HSG Stralsund"]
[BlackTeam "TuS Makkabi Rostock"]

1.c4 c5 2.g3 Nc6 3.Bg2 Nf6 4.Nc3 g6 5.Nf3 Bg7 6.O-O O-O 7.a3 d6 8.Rb1 a5 
9.d3 Bf5 10.Bd2 Qd7 11.Nb5 Na7 12.Nxa7 Rxa7 13.b4 axb4 14.axb4 b5 15.cxb5 
c4 16.b6 Ra6 17.Nd4 Rxb6 18.Nxf5 Qxf5 19.dxc4 Nd7 20.Be3 Rbb8 21.b5 Nc5 
22.Qd5 Qc8 23.Bxc5 Qxc5 24.Qxc5 dxc5 25.Rfd1 Bc3 26.b6 f5 27.Rd3 Bb4 28.b7
e5 29.Bd5+ Kg7 30.Ra1 e4 31.Rdd1 Bc3 32.Ra8 Be5 33.Rd2 Kf6 34.Rda2 Ke7 35.
R2a6 Kd7 36.Rxb8 Rxb8 37.Ra8 g5 38.Rxb8 Bxb8 39.g4 f4 40.Bxe4 h6 41.Kg2 
Ke6 42.Kf3 Kf6 43.h3 Ke5 44.Bd5 Kf6 45.Ke4 Bc7 46.f3 Bb8 47.Bg8 Kg7 48.Be6
Kf6 49.Kd5 Ba7 50.Bc8 Ke7 51.Kc6 Kf6 52.Kc7 Ke5 53.b8=Q Bxb8+ 54.Kxb8 Kd4 
55.Be6 Ke5 56.Bd5 Kd4 57.Kc7 Ke3 58.Kc6 1-0

[Event "LJEM M-V 2023 u18"]
[Site "Mirow"]
[Date "2023.02.05"]
[Round "3.6"]
[White "Ahmed Ibrahim, Labed"]
[Black "Tennigkeit, Paul"]
[Result "1/2-1/2"]
[WhiteElo "1545"]
[BlackElo "1657"]
[Time "14:30:00"]
[WhiteTeam "SV Motor Wolgast 1949"]
[BlackTeam "Lok Gymnas Pritzwalk"]

1.c4 e6 2.Nc3 Nf6 3.e4 d5 4.cxd5 exd5 5.exd5 Nxd5 6.Nf3 Be7 7.Bc4 Be6 8.
Qb3 Nb4 9.Bxe6 fxe6 10.d4 N8c6 11.a3 Nd3+ 12.Ke2 Nxc1+ 13.Raxc1 Qd7 14.
Rhd1 O-O-O 15.Nb5 Qd5 16.Qa4 a6 17.Rxc6 Qxb5+ 18.Qxb5 axb5 19.Rxe6 Bf6 20.
b4 Kd7 21.Re3 Ra8 22.Ne5+ Bxe5 23.dxe5+ Ke6 24.f4 Rhf8 25.Kf3 h5 26.h4 
Rfd8 27.Red3 Rxa3 28.Ke4 Rdxd3 29.Rxd3 Rxd3 30.Kxd3 Kd5 31.Kc3 b6 32.Kb3 
c5 33.Kc3 c4 34.Kd2 g6 35.g3 Ke6 36.Kc2 Kd5 37.Kc3 Ke6 38.Kd4 Kd7 1/2-1/2

[Event "LJEM M-V 2023 u18"]
[Site "Mirow"]
[Date "2023.02.05"]
[Round "3.7"]
[White "Köpnick, Amanda"]
[Black "Fromm, Robert"]
[Result "1/2-1/2"]
[WhiteElo "1306"]
[BlackElo "1348"]
[Time "14:30:00"]
[WhiteTeam "TuS Makkabi Rostock"]
[BlackTeam "ASV Grün-Weiß Wismar"]

1.e4 c6 2.Nf3 d5 3.exd5 cxd5 4.Bb5+ Bd7 5.Bxd7+ Nxd7 6.d4 Ngf6 7.O-O e6 8.
Nc3 Be7 9.Ne2 O-O 10.Ng3 Kh8 11.Bf4 h6 12.c3 Rg8 13.Qc1 Nh7 14.Ne5 Nxe5 
15.Bxe5 Qe8 16.Re1 Nf6 17.Nh5 Ng4 18.Nxg7 Rxg7 19.Bxg7+ Kxg7 20.Qf4 Nf6 
21.Re3 Ne4 22.Rh3 Bg5 23.Qg4 f5 24.Qe2 Qd7 25.f3 Nd6 26.Qe5+ Kf7 27.f4 Bf6
28.Qe2 Rh8 29.Re1 Ne4 30.Rh5 b6 31.Rh3 Qc6 32.Qh5+ Kf8 33.Qe2 Qd7 34.Re3 
Qc7 35.Rf3 Qd7 36.Rh3 Kf7 37.Qh5+ Kf8 38.Qg6 Bg7 39.Qh5 Bf6 40.Qe2 1/2-1/2

[Event "LJEM M-V 2023 u18"]
[Site "Mirow"]
[Date "2023.02.05"]
[Round "3.8"]
[White "Hampe, Tobias"]
[Black "Avetyan, Manan"]
[Result "1/2-1/2"]
[WhiteElo "1194"]
[BlackElo "1342"]
[Time "14:30:00"]
[WhiteTeam "Lok Gymnas Pritzwalk"]
[BlackTeam "ASV Grün-Weiß Wismar"]

1.e4 e5 2.Nf3 Nc6 3.d4 exd4 4.Nxd4 Bc5 5.Be3 Qf6 6.c3 Nge7 7.Bc4 O-O 8.O-O
Qg6 9.Nxc6 Qxc6 10.Bxc5 Qxc5 11.Qb3 d6 12.Nd2 Bg4 13.Qb5 Qxb5 14.Bxb5 c6 
15.Bd3 Rad8 16.f3 Be6 17.Rad1 f5 18.exf5 Bxf5 19.Bxf5 Nxf5 20.Rfe1 d5 21.
Nb3 b6 22.Nd4 Nxd4 23.Rxd4 c5 24.Rd2 a5 25.Red1 Rfe8 26.Kf2 Re5 27.f4 Rf5 
28.Kf3 g5 29.Kg4 Rxf4+ 30.Kxg5 Rf7 31.g4 Rfd7 32.Kf5 b5 33.Ke6 d4 34.cxd4 
Rxd4 35.Rxd4 Rxd4 36.Rc1 c4 37.Rc2 Rxg4 38.Kd5 Rg5+ 39.Kc6 Kf7 40.Rd2 Kg6 
41.Rd6+ Kh5 42.Rd7 h6 43.Rb7 b4 44.Ra7 c3 45.bxc3 bxc3 46.Kb6 c2 47.Rc7 
Rg2 48.Kxa5 Kg4 49.Rc4+ Kh3 50.Kb4 Kxh2 51.Kb3 h5 52.a4 Kg1 53.Kb2 Rg4 54.
Rxg4+ hxg4 55.a5 g3 56.a6 g2 57.a7 Kh2 58.a8=Q c1=Q+ 59.Kxc1 g1=Q+ 60.Kc2 
1/2-1/2

[Event "LJEM M-V 2023 u18"]
[Site "Mirow"]
[Date "2023.02.05"]
[Round "3.9"]
[White "Steinhauser, Oskar"]
[Black "Ryll, Emily Maria"]
[Result "1-0"]
[WhiteElo "982"]
[BlackElo "1049"]
[Time "14:30:00"]
[WhiteTeam "SSC Rostock 07"]
[BlackTeam "SG Eintracht Neubrandenburg"]

1.e4 c6 2.d4 d5 3.Nc3 Nf6 4.Bd3 dxe4 5.Bxe4 g6 6.Nf3 Bg7 7.O-O Bf5 8.Bxf5 
gxf5 9.Bf4 Nbd7 10.Re1 O-O 11.Qd2 Nb6 12.b3 Nbd5 13.Be5 Ng4 14.Bxg7 Kxg7 
15.Qg5+ Kh8 16.Nxd5 cxd5 17.Qxe7 Qxe7 18.Rxe7 b6 19.Rae1 f4 20.Ne5 Nxe5 
21.R1xe5 f6 22.Rxd5 Rad8 23.Rdd7 Rxd7 24.Rxd7 Re8 25.Kf1 a5 26.c4 Rc8 27.
Rd5 Kg7 28.Ke2 Kf7 29.c5 bxc5 30.Rxc5 Rxc5 31.dxc5 Ke7 32.a3 Kd7 33.b4 Kc6
34.Kf3 1-0

[Event "LJEM M-V 2023 u18"]
[Site "Mirow"]
[Date "2023.02.06"]
[Round "4.1"]
[White "Tovmasyan, Minas"]
[Black "Großmann, Piet"]
[Result "1/2-1/2"]
[WhiteElo "1788"]
[BlackElo "1992"]
[Time "08:30:00"]
[WhiteTeam "TuS Makkabi Rostock"]
[BlackTeam "SAV Torgelow-Drögeheide 90"]

1.Nf3 Nf6 2.d4 e6 3.Bf4 d5 4.e3 Bd6 5.Nbd2 O-O 6.Bd3 c5 7.dxc5 Bxf4 8.exf4
Qc7 9.g3 Nc6 10.O-O e5 11.fxe5 Nxe5 12.Nxe5 Qxe5 13.c3 Bg4 14.Re1 Qc7 15.
Be2 Bxe2 16.Qxe2 Qxc5 17.Nb3 Qb6 18.Qe3 Qb5 19.Qe2 Qa4 20.Nd4 Rae8 21.Qb5 
Rxe1+ 22.Rxe1 Qxa2 23.Qxb7 a5 24.Qb5 a4 25.Nc2 Ne4 26.Ra1 Nxc3 27.Qb4 Ne2+
28.Kf1 Qb3 29.Qxb3 axb3 30.Kxe2 bxc2 31.Rc1 Rb8 32.Rxc2 f6 33.Kd3 Kf7 34.
Kd4 Ke6 35.Rc6+ Kd7 36.Rc2 Kd6 37.f4 Rb3 38.Re2 g6 39.Rc2 h5 40.Rg2 f5 
1/2-1/2

[Event "LJEM M-V 2023 u18"]
[Site "Mirow"]
[Date "2023.02.06"]
[Round "4.3"]
[White "Kruse, Johannes"]
[Black "Wellßow, Keoki"]
[Result "1/2-1/2"]
[WhiteElo "1569"]
[BlackElo "1541"]
[Time "08:30:00"]
[WhiteTeam "ESV Waren"]
[BlackTeam "HSG Stralsund"]

1.e4 g6 2.d4 Bg7 3.Be3 d6 4.c4 Nd7 5.Nf3 c5 6.Nc3 Ngf6 7.Be2 O-O 8.h3 a6 
9.O-O cxd4 10.Bxd4 Nc5 11.e5 Nfe4 12.Nxe4 Nxe4 13.exd6 Qxd6 14.Bxg7 Kxg7 
15.Qxd6 Nxd6 16.Rad1 Be6 17.b3 b5 18.cxb5 axb5 19.Rd2 Ne4 20.Rc2 b4 21.Nd4
Bd5 22.Bf3 e6 23.Re1 Nc3 24.Bxd5 exd5 25.a4 Rfc8 26.f3 Kf6 27.Kf2 Ra7 28.
Ke3 Re7+ 29.Kd2 Rxe1 30.Kxe1 Ke5 31.Ne2 f5 32.Kd2 d4 33.Kd3 Rd8 34.f4+ Kd5
35.Nxc3+ bxc3 36.Re2 Rc8 37.a5 Rb8 38.Re5+ Kd6 39.Kxd4 Rxb3 40.Rd5+ Ke6 
41.Rc5 Ra3 42.Kc4 c2 43.Kb4 Ra2 44.Kb3 Rxa5 45.Rxc2 1/2-1/2

[Event "LJEM M-V 2023 u18"]
[Site "Mirow"]
[Date "2023.02.06"]
[Round "4.4"]
[White "Tennigkeit, Paul"]
[Black "Röste, Hugo"]
[Result "1-0"]
[WhiteElo "1657"]
[BlackElo "1613"]
[Time "08:30:00"]
[WhiteTeam "Lok Gymnas Pritzwalk"]
[BlackTeam "TuS Makkabi Rostock"]

1.e4 c5 2.Nf3 e6 3.c3 Nc6 4.d4 d5 5.exd5 Qxd5 6.Na3 cxd4 7.Nb5 Bd6 8.Bc4 
Qe4+ 9.Be3 Bb8 10.Nbxd4 Nxd4 11.Qxd4 Qxd4 12.Bxd4 Nf6 13.Ne5 O-O 14.O-O-O 
b6 15.Bb5 Bb7 16.Bc6 Bxe5 17.Bxb7 Bf4+ 18.Kc2 Rad8 19.g3 Bc7 20.f4 Nd5 21.
Rhf1 Ne7 22.Be4 Rd7 23.Be5 Rxd1 24.Rxd1 Bxe5 25.fxe5 Ng6 26.Rd7 Nxe5 27.
Rxa7 Rb8 28.a4 g6 29.b4 Nc4 30.Kd3 Nd6 31.Ra8 Rxa8 32.Bxa8 Kf8 33.Kd4 Ke7 
34.Bc6 f6 35.a5 bxa5 36.bxa5 Kd8 37.a6 Nc8 38.Kc5 Kc7 39.c4 e5 40.Bb7 Nd6 
41.Kd5 Ne8 42.Bc6 Nd6 43.a7 Nc8 44.a8=Q Nb6+ 45.Ke6 Nxa8 46.Bxa8 1-0

[Event "LJEM M-V 2023 u18"]
[Site "Mirow"]
[Date "2023.02.06"]
[Round "4.5"]
[White "Fromm, Robert"]
[Black "Ahmed Ibrahim, Labed"]
[Result "1/2-1/2"]
[WhiteElo "1348"]
[BlackElo "1545"]
[Time "08:30:00"]
[WhiteTeam "ASV Grün-Weiß Wismar"]
[BlackTeam "SV Motor Wolgast 1949"]

1.f4 d5 2.d4 Nf6 3.Nf3 e6 4.e3 a6 5.Bd3 c5 6.c3 Nc6 7.O-O c4 8.Bc2 Bd6 9.
h3 b5 10.a3 Ne7 11.Nbd2 Nf5 12.Qe1 Bb7 13.Ne5 Ne4 14.Nxe4 dxe4 15.Kh2 h5 
16.Rg1 h4 17.Ng4 g5 18.Nf2 Ng3 19.Nh1 gxf4 20.exf4 Nxh1 21.Kxh1 f5 22.Be3 
Qf6 23.a4 Kd7 24.b3 Rhg8 25.bxc4 bxc4 26.a5 Rab8 27.Qe2 Rgc8 28.Rgb1 Bc6 
29.Rxb8 Bxb8 30.Qxc4 Bb5 31.Qb4 Bd6 32.Qb2 Rb8 33.Qc1 Qg6 34.Ba4 Rg8 35.
Qd2 Bxa4 36.Rxa4 Rb8 37.Ra1 Qg3 38.Qe2 Bxf4 39.Bxf4 Qxf4 40.c4 e3 41.c5 
Qxd4 42.Rd1 Rb1 43.Rxb1 Qxc5 44.Qxa6 Ke7 45.Qb7+ Kf6 46.a6 e2 47.Qb2+ e5 
48.Qxe2 Qa7 49.Qb5 Kg5 50.Qxe5 Qxa6 51.Qe3+ Kh5 52.Rb6 Qf1+ 53.Kh2 Qf4+ 
54.Qxf4 1/2-1/2

[Event "LJEM M-V 2023 u18"]
[Site "Mirow"]
[Date "2023.02.06"]
[Round "4.6"]
[White "Khanbekyan, Areg"]
[Black "Köpnick, Amanda"]
[Result "1-0"]
[WhiteElo "1579"]
[BlackElo "1306"]
[Time "08:30:00"]
[WhiteTeam "Greifswalder SV"]
[BlackTeam "TuS Makkabi Rostock"]

1.e4 e5 2.Nf3 Nc6 3.d4 exd4 4.Bc4 h6 5.O-O Nf6 6.e5 d5 7.Bb5 Nh7 8.Nxd4 
Bd7 9.Bxc6 Bxc6 10.f4 Bc5 11.Be3 Qd7 12.c3 O-O-O 13.b4 Bxd4 14.Bxd4 b6 15.
a4 Nf8 16.Nd2 Ne6 17.b5 Nxd4 18.cxd4 Bb7 19.Nb3 f6 20.Qe2 fxe5 21.fxe5 Kb8
22.a5 Qe6 23.axb6 Qxb6 24.Nc5 c6 25.bxc6 Qxc6 26.Rfb1 1-0

[Event "LJEM M-V 2023 u18"]
[Site "Mirow"]
[Date "2023.02.06"]
[Round "4.7"]
[White "Quade, Luca"]
[Black "Avetyan, Manan"]
[Result "1/2-1/2"]
[WhiteElo "1468"]
[BlackElo "1342"]
[Time "08:30:00"]
[WhiteTeam "TuS Makkabi Rostock"]
[BlackTeam "ASV Grün-Weiß Wismar"]

1.e4 e5 2.Nf3 Nc6 3.Bc4 Bc5 4.b4 Bxb4 5.c3 Ba5 6.d4 exd4 7.O-O dxc3 8.Qb3 
Qf6 9.Bg5 Qg6 10.Nxc3 Nge7 11.Bxe7 Nxe7 12.Ne5 Qf6 13.Bxf7+ Kf8 14.f4 Qb6+
15.Qxb6 Bxb6+ 16.Kh1 d6 17.Rad1 g6 18.Bb3 dxe5 19.fxe5+ Kg7 20.Rf7+ Kh6 
21.Rxe7 Bg4 22.Rd3 Rae8 23.Rxe8 Rxe8 24.Rg3 Be6 25.Nd5 Bxd5 26.Bxd5 c6 27.
Bb3 Rxe5 28.Bc2 Rc5 29.Bd1 Rc4 30.e5 Bc7 31.Re3 Rc1 32.Rh3+ Kg7 33.Rd3 
Bxe5 34.g3 b5 35.Kg2 b4 36.Bb3 a5 37.g4 c5 38.Re3 Bf6 39.Re4 Bd4 40.h4 h6 
41.Re7+ Kf6 42.Re6+ Kg7 43.Re7+ Kf8 44.Rf7+ Ke8 45.Ra7 Rc3 46.Rxa5 c4 47.
Ba4+ Ke7 48.Rb5 Bf6 49.Rb7+ Kd6 50.Rxb4 Bxh4 51.Rb6+ Kc5 52.Rxg6 Bg5 53.
Bd7 Rc2+ 54.Kf3 Rxa2 55.Rc6+ Kd5 56.Rg6 c3 57.Be6+ Kc5 58.Rg8 Ra3 59.Ke4 
Kd6 60.Rg6 Ke7 61.Kd3 Ra6 62.Bf5 Rxg6 63.Bxg6 Bd2 64.Bf5 Kf6 65.Bd7 Ke5 
66.Kc2 1/2-1/2

[Event "LJEM M-V 2023 u18"]
[Site "Mirow"]
[Date "2023.02.06"]
[Round "4.8"]
[White "Subocz, Gabriel"]
[Black "Steinhauser, Oskar"]
[Result "1-0"]
[WhiteElo "1240"]
[BlackElo "982"]
[Time "08:30:00"]
[WhiteTeam "SAV Torgelow-Drögeheide 90"]
[BlackTeam "SSC Rostock 07"]

1.e4 d6 2.d4 Nf6 3.f3 Nc6 4.Ne2 e5 5.d5 Ne7 6.c4 c6 7.Nbc3 a6 8.a4 Bd7 9.
a5 Nc8 10.Be3 b6 11.Na4 bxa5 12.Qb3 c5 13.Bd2 Qc7 14.Qa3 Be7 15.Nac3 Bd8 
16.Nd1 Nb6 17.Nc1 Nxc4 18.Bxc4 Bb5 19.b3 a4 20.Nc3 Qb7 21.Nxa4 O-O 22.Nc3 
Bc7 23.Bxb5 axb5 24.Qb2 Rxa1 25.Qxa1 Ra8 26.Qb2 Nd7 27.b4 c4 28.O-O Bb6+ 
29.Kh1 Bd4 30.N1e2 f6 31.Ra1 Ra7 32.Rxa7 Qxa7 33.Nxb5 Bxb2 34.Nxa7 Nb6 35.
Nc3 Bxc3 36.Bxc3 Na4 37.Nb5 Kf8 38.Kg1 Ke7 39.Ba1 Kd8 40.Nc3 Nxc3 41.Bxc3 
Kc7 42.Kf2 Kb6 43.Ke3 Kb5 44.f4 Ka4 45.fxe5 fxe5 46.Kd2 Kb5 47.Ke3 Ka4 48.
Ke2 Kb5 49.Kd1 Ka4 50.Bxe5 dxe5 51.d6 Kb3 52.Kc1 1-0

[Event "LJEM M-V 2023 u18"]
[Site "Mirow"]
[Date "2023.02.06"]
[Round "4.9"]
[White "Ryll, Emily Maria"]
[Black "Hampe, Tobias"]
[Result "0-1"]
[WhiteElo "1049"]
[BlackElo "1194"]
[Time "08:30:00"]
[WhiteTeam "SG Eintracht Neubrandenburg"]
[BlackTeam "Lok Gymnas Pritzwalk"]

1.d4 g6 2.g3 Nf6 3.Bg2 Bg7 4.Nf3 d5 5.O-O O-O 6.b3 Bf5 7.Bb2 Nc6 8.Nbd2 
Ne4 9.c4 Nxd2 10.Nxd2 dxc4 11.Nxc4 Rb8 12.e4 Bc8 13.d5 Bxb2 14.Nxb2 Ne5 
15.Rc1 Qd6 16.Nc4 Nxc4 17.Rxc4 Bd7 18.a4 b5 19.Rd4 bxa4 20.bxa4 Rb4 21.a5 
Rfb8 22.Rxb4 Qxb4 23.e5 Qxa5 24.e6 fxe6 25.dxe6 Bxe6 26.Re1 Bf5 27.Rxe7 
Rb1 28.Qxb1 Bxb1 29.Re8+ Kf7 30.Rb8 Qe1+ 31.Bf1 Bd3 32.Kg2 Bxf1+ 33.Kf3 
Qc3+ 34.Kf4 a5 35.Rb1 Be2 36.Kg5 Qe5+ 37.Kh6 Qh5# 0-1

[Event "LJEM M-V 2023 u18"]
[Site "Mirow"]
[Date "2023.02.07"]
[Round "5.1"]
[White "Scharf, Christian"]
[Black "Tovmasyan, Minas"]
[Result "1-0"]
[WhiteElo "1336"]
[BlackElo "1788"]
[Time "08:30:00"]
[WhiteTeam "SG Güstrow/Teterow"]
[BlackTeam "TuS Makkabi Rostock"]

1.e4 c5 2.Nf3 e6 3.d4 cxd4 4.Nxd4 Nf6 5.Nc3 d6 6.Be3 a6 7.f3 Qc7 8.Qd2 Be7
9.g4 b5 10.a3 Bb7 11.O-O-O Nc6 12.g5 Nd7 13.h4 O-O 14.Kb1 Nde5 15.Nxc6 
Qxc6 16.Qg2 Rad8 17.h5 f5 18.gxf6 Bxf6 19.Rg1 Nxf3 20.Qxf3 Bxc3 21.Qg4 Be5
22.Qxe6+ Kh8 23.Bd3 Qd7 24.Qb3 Rf3 25.Be2 Rff8 26.Bd4 Qe7 27.Qe3 Rde8 28.
Bf3 Bxd4 29.Rxd4 Qe5 30.Rd2 d5 31.h6 g6 32.Qb6 Re7 33.Bh1 dxe4 34.Re1 e3 
35.Rd8 Rxd8 36.Qxd8+ Re8 37.Qd7 Bxh1 38.Rxe3 Bc6 39.Qf7 Bd5 40.Qxe8+ Qxe8 
41.Rxe8+ Bg8 42.Kc1 1-0

[Event "LJEM M-V 2023 u18"]
[Site "Mirow"]
[Date "2023.02.07"]
[Round "5.2"]
[White "Großmann, Piet"]
[Black "Kruse, Johannes"]
[Result "1-0"]
[WhiteElo "1992"]
[BlackElo "1569"]
[Time "08:30:00"]
[WhiteTeam "SAV Torgelow-Drögeheide 90"]
[BlackTeam "ESV Waren"]

1.e4 c5 2.Nf3 Nc6 3.d4 cxd4 4.Nxd4 g6 5.Nc3 Bg7 6.Be3 Nf6 7.Bc4 O-O 8.Bb3 
d6 9.f3 Na5 10.Qd2 Nxb3 11.axb3 Re8 12.O-O-O Qa5 13.Kb1 Bd7 14.g4 a6 15.g5
Nh5 16.Qf2 Bc6 17.Nde2 Qc7 18.Ng3 Bxc3 19.bxc3 Ng7 20.Bb6 Qc8 21.h4 Qe6 
22.h5 gxh5 23.Nxh5 Nxh5 24.Rxh5 Kg7 25.Bd4+ f6 26.Rxh7+ Kxh7 27.Qh4+ Kg7 
1-0

[Event "LJEM M-V 2023 u18"]
[Site "Mirow"]
[Date "2023.02.07"]
[Round "5.3"]
[White "Wellßow, Keoki"]
[Black "Tennigkeit, Paul"]
[Result "1-0"]
[WhiteElo "1541"]
[BlackElo "1657"]
[Time "08:30:00"]
[WhiteTeam "HSG Stralsund"]
[BlackTeam "Lok Gymnas Pritzwalk"]

1.c4 e6 2.g3 Nf6 3.Bg2 d5 4.Nf3 Be7 5.O-O O-O 6.d3 c5 7.e3 Nc6 8.Nc3 b6 9.
Qe2 Bb7 10.b3 a6 11.Bb2 Qc7 12.cxd5 exd5 13.d4 cxd4 14.Nxd4 Nxd4 15.exd4 
Rfe8 16.Qd3 b5 17.Rac1 Qb6 18.Rc2 Rac8 19.Rfc1 Bb4 20.Nxd5 Nxd5 21.Rxc8 
Rxc8 22.Rxc8+ Bxc8 23.Bxd5 Bb7 24.Bxb7 Qxb7 25.d5 Qe7 26.Qe3 Qxe3 27.fxe3 
f6 28.Bd4 Kf7 29.Kf2 f5 30.Kf3 Bd6 31.h3 h5 32.g4 g6 33.gxf5 gxf5 34.e4 
fxe4+ 35.Kxe4 Bb4 36.Kf5 Ke7 37.Be5 Bd2 38.Bf4 Be1 39.Kg5 h4 40.Kf5 Bg3 
41.Kg4 Be1 42.Bg5+ Kd6 43.Bxh4 Bc3 44.Kf5 Kxd5 45.Bf6 Bd2 46.h4 a5 47.h5 
a4 48.bxa4 bxa4 49.Bg5 Bc3 50.h6 Kc4 51.Bf6 a3 52.Bxc3 Kxc3 53.h7 Kb2 54.
h8=Q+ Kxa2 55.Qc3 1-0

[Event "LJEM M-V 2023 u18"]
[Site "Mirow"]
[Date "2023.02.07"]
[Round "5.5"]
[White "Röste, Hugo"]
[Black "Fromm, Robert"]
[Result "1/2-1/2"]
[WhiteElo "1613"]
[BlackElo "1348"]
[Time "08:30:00"]
[WhiteTeam "TuS Makkabi Rostock"]
[BlackTeam "ASV Grün-Weiß Wismar"]

1.d4 f5 2.c4 e6 3.Nc3 d5 4.Nf3 Nf6 5.Bf4 c6 6.e3 Be7 7.c5 O-O 8.Bd3 Ne4 9.
Qc2 Nd7 10.Ne5 Ndf6 11.h3 Bd7 12.Nxe4 Nxe4 13.Bxe4 fxe4 14.Nxd7 Qxd7 15.
O-O Rf6 16.Be5 Rg6 17.f3 exf3 18.Rxf3 Rf8 19.Raf1 Rxf3 20.Rxf3 Bf6 21.Qf2 
Qd8 22.Bd6 Be7 23.Bxe7 Qxe7 24.b4 a6 25.a3 Rf6 26.Qg3 Rxf3 27.Qxf3 Qg5 28.
a4 h6 29.Qf4 Qxf4 30.exf4 Kf7 31.Kf2 Kf6 32.Kf3 Kf5 33.g4+ Kf6 34.Kg3 g6 
35.Kh4 g5+ 36.Kg3 Kg6 37.h4 Kf6 38.fxg5+ hxg5 39.h5 e5 40.dxe5+ Kxe5 41.
Kf3 Kf6 42.Ke3 Ke6 43.Kd4 Kf6 44.b5 axb5 45.axb5 Ke6 1/2-1/2